MARC details
| 000 -LEADER |
| fixed length control field |
02396cas a2200565 a 4500 |
| 001 - CONTROL NUMBER |
| control field |
13541504 |
| 003 - CONTROL NUMBER IDENTIFIER |
| control field |
GBCCL |
| 005 - DATE AND TIME OF LATEST TRANSACTION |
| control field |
20241126110637.0 |
| 007 - PHYSICAL DESCRIPTION FIXED FIELD--GENERAL INFORMATION |
| fixed length control field |
t| |
| 008 - FIXED-LENGTH DATA ELEMENTS--GENERAL INFORMATION |
| fixed length control field |
040329d19uu2013tnuqr p 0 a0eng c |
| 010 ## - |
| -- |
2004209807 |
| 022 1# - INTERNATIONAL STANDARD SERIAL NUMBER |
| International Standard Serial Number |
1550-719X |
| ISSN-L [OBSOLETE] |
1550-719X |
| Incorrect ISSN |
0191-4219 |
| Source |
1 |
| 035 ## - SYSTEM CONTROL NUMBER |
| System control number |
(OCoLC)ocm47759388 |
| 037 ## - SOURCE OF ACQUISITION |
| Source of stock number/acquisition |
LifeWay Christian Resources of the Southern Baptist Convention, One LifeWay Plaza, Nashville, TN 37234 |
| 040 ## - CATALOGING SOURCE |
| Original cataloging agency |
MoBolS |
| Language of cataloging |
eng |
| Transcribing agency |
MoBolS |
| Modifying agency |
DLC |
| -- |
NSDP |
| -- |
DLC |
| -- |
OCoLC |
| -- |
OCLCO |
| -- |
DLC |
| -- |
OCLCF |
| -- |
DLC |
| 042 ## - |
| -- |
pcc |
| -- |
nsdp |
| 050 00 - |
| -- |
BS410 |
| -- |
.H47 |
| 082 10 - DEWEY DECIMAL CLASSIFICATION NUMBER |
| Classification number |
268.61 |
| Edition information |
13 |
| Item number |
HOB |
| 222 #4 - |
| -- |
The Herschel Hobbs commentary |
| 245 04 - TITLE STATEMENT |
| Title |
The Herschel Hobbs commentary. |
| 260 ## - PUBLICATION, DISTRIBUTION, ETC. |
| Place of publication, distribution, etc. |
Nashville, Tenn. : |
| Name of publisher, distributor, etc. |
LifeWay Christian Resources of the Southern Baptist Convention |
| 300 ## - PHYSICAL DESCRIPTION |
| Extent |
volumes ; |
| Dimensions |
23 cm. |
| 310 ## - |
| -- |
Quarterly |
| 336 ## - CONTENT TYPE |
| Content type term |
text |
| Content type code |
txt |
| Source |
rdacontent |
| 337 ## - MEDIA TYPE |
| Media type term |
unmediated |
| Media type code |
n |
| Source |
rdamedia |
| 338 ## - CARRIER TYPE |
| Carrier type term |
volume |
| Carrier type code |
nc |
| Source |
rdacarrier |
| 362 1# - |
| -- |
Began in 19uu?; ceased in 2013? |
| 362 0# - |
| -- |
; [new ser.], v. 1, no. 1 (fall 2006)- |
| 490 0# - SERIES STATEMENT |
| Series statement |
2000-summer 2006 : Family bible study |
| 490 0# - SERIES STATEMENT |
| Series statement |
Fall 2006- : Bible studies for life |
| 515 ## - NUMBERING PECULIARITIES NOTE |
| Numbering peculiarities note |
Numbering restarted with v.1, no. 1 with change in series statement. |
| 588 ## - SOURCE OF DESCRIPTION NOTE |
| Source of description note |
Description based on: Vol. 1, no. 2 (winter 2000/2001). |
| 588 ## - SOURCE OF DESCRIPTION NOTE |
| Source of description note |
Latest issue consulted: [new ser.], v. 1, no. 1 (fall 2006). |
| 630 00 - SUBJECT ADDED ENTRY--UNIFORM TITLE |
| Uniform title |
Bible |
| General subdivision |
Study and teaching |
| Form subdivision |
Periodicals. |
| 9 (RLIN) |
13219 |
| 630 00 - SUBJECT ADDED ENTRY--UNIFORM TITLE |
| Uniform title |
Bible |
| Form subdivision |
Commentaries |
| -- |
Periodicals. |
| 9 (RLIN) |
13671 |
| 630 07 - SUBJECT ADDED ENTRY--UNIFORM TITLE |
| Uniform title |
Bible. |
| Source of heading or term |
fast |
| Authority record control number or standard number |
(OCoLC)fst01356024 |
| 9 (RLIN) |
599 |
| 650 #7 - SUBJECT ADDED ENTRY--TOPICAL TERM |
| Topical term or geographic name entry element |
Study skills. |
| Source of heading or term |
fast |
| Authority record control number or standard number |
(OCoLC)fst01136216 |
| 9 (RLIN) |
1844 |
| 655 #7 - INDEX TERM--GENRE/FORM |
| Genre/form data or focus term |
Commentaries. |
| Source of term |
fast |
| Authority record control number or standard number |
(OCoLC)fst01423723 |
| 9 (RLIN) |
875 |
| 655 #7 - INDEX TERM--GENRE/FORM |
| Genre/form data or focus term |
Periodicals. |
| Source of term |
fast |
| Authority record control number or standard number |
(OCoLC)fst01411641 |
| 9 (RLIN) |
5568 |
| 700 1# - ADDED ENTRY--PERSONAL NAME |
| Personal name |
Hobbs, Herschel H. |
| 9 (RLIN) |
3868 |
| 780 00 - PRECEDING ENTRY |
| Title |
Studying adult life and work lessons |
| International Standard Serial Number |
0191-4219 |
| Record control number |
(DLC) 94649862 |
| -- |
(OCoLC)4893328 |
| 785 00 - SUCCEEDING ENTRY |
| Title |
Bible studies for life. Herschel Hobbs commentary |
| International Standard Serial Number |
2330-944X |
| Record control number |
(DLC) 2013201625 |
| -- |
(OCoLC)857767095 |
| 906 ## - LOCAL DATA ELEMENT F, LDF (RLIN) |
| a |
7 |
| b |
cbc |
| c |
serials |
| d |
2 |
| e |
ncip |
| f |
20 |
| g |
n-oclcserc |
| 942 ## - ADDED ENTRY ELEMENTS (KOHA) |
| Source of classification or shelving scheme |
Dewey Decimal Classification |
| Koha item type |
Books |